书目信息 |
| 题名: |
媒介教育论
|
|
| 作者: | 白传之 , 闫欢 著 | |
| 分册: | ||
| 出版信息: | 北京 中国传媒大学出版社 2008.08 |
|
| 页数: | 312页 | |
| 开本: | 24cm | |
| 丛书名: | 21世纪媒介理论丛书 | |
| 单 册: | ||
| 中图分类: | G40-055 | |
| 科图分类: | ||
| 主题词: | 传播媒介--教育学--中国 , 传播媒介 , 教育学 | |
| 电子资源: | ||
| ISBN: | 978-7-81127-347-2 | |
| 000 | 01170oam2 2200301 450 | |
| 001 | 010010020047 | |
| 005 | 20091208151857.01 | |
| 010 | @a978-7-81127-347-2@dCNY39.80 | |
| 100 | @a20081106d2008 em y0chiy0110 ea | |
| 101 | 0 | @achi |
| 102 | @aCN@b110000 | |
| 105 | @aak z 000yy | |
| 106 | @ar | |
| 200 | 1 | @a媒介教育论@9mei jie jiao yu lun@e起源、理论与应用@f白传之,闫欢著 |
| 210 | @a北京@c中国传媒大学出版社@d2008.08 | |
| 215 | @a312页@c图@d24cm | |
| 225 | 2 | @a21世纪媒介理论丛书 |
| 330 | @a本书在考察国外主要国家媒介教育实践和理论的基础上,从中国媒介产业、教育事业和社会层面发展的现实出发,首次提出中国从“范式”到“模式”的理论框架,并高度归纳现阶段中国媒介教育应遵循的媒介教育CTL内容模型,为建立具有中国特色的媒介教育理论体系进行了开拓性探索,对开展媒介教育实践具有重要的指导意义。 | |
| 461 | 0 | @12001 @a21世纪媒介理论丛书 |
| 510 | 1 | @aMedia education@eorigins, theories and application@zeng |
| 606 | 0 | @a传播媒介@x教育学@y中国 |
| 606 | 0 | @a传播媒介 |
| 606 | 0 | @a教育学 |
| 690 | @aG40-055@v4 | |
| 701 | 0 | @a白传之@9bai chuan zhi@4著 |
| 701 | 0 | @a闫欢@9yan huan@4著 |
| 801 | 0 | @aCN@bRENTIAN@c20091208 |
| 905 | @b20795944-48@dG40-055@e489@f5 | |
| 媒介教育论:起源、理论与应用/白传之,闫欢著.-北京:中国传媒大学出版社,2008.08 |
| 312页:图;24cm.-(21世纪媒介理论丛书) |
| ISBN 978-7-81127-347-2:CNY39.80 |
| 本书在考察国外主要国家媒介教育实践和理论的基础上,从中国媒介产业、教育事业和社会层面发展的现实出发,首次提出中国从“范式”到“模式”的理论框架,并高度归纳现阶段中国媒介教育应遵循的媒介教育CTL内容模型,为建立具有中国特色的媒介教育理论体系进行了开拓性探索,对开展媒介教育实践具有重要的指导意义。 |
| ● |
| 相关链接 |
|
|
|
|
正题名:媒介教育论
索取号:G40-055/489
 
预约/预借
| 序号 | 登录号 | 条形码 | 馆藏地/架位号 | 状态 | 备注 |
| 1 | 795944 | 207959440 | 第一样本阅览室/ [索取号:G40-055/489] | 在馆 | |
| 2 | 795945 | 207959459 | 第四借阅区/ [索取号:G40-055/489] | 在馆 | |
| 3 | 795946 | 207959468 | 第四借阅区/ [索取号:G40-055/489] | 在馆 | |
| 4 | 795947 | 207959477 | 第四借阅区/ [索取号:G40-055/489] | 在馆 | |
| 5 | 795948 | 207959486 | 密集书库-文学院/ [索取号:G40-055/489] | 在馆 |